000 00518cam a22001337a 4500
008 180718b1969 xxu||||| |||| 00| 0 eng d
082 _aI5537 In8
245 _aInformation processing, 68: proceedings of IEIP Congress, 1968
_cedited by A.J.H. Morell and International Federation for Information Processing
260 _aAmsterdam
_bNorth-Holland
_c1969
300 _a2v.
650 _aInformation Storage and Retrieval System
700 _aInternational Federation for Information Processing
700 _aMorell, A.J.H.
999 _c370506
_d370506